00946 a2200169 4500003000500000005001700005010001700022020001700039040000900056082001800065100002100083245005700104260005300161300003400214505049300248650003500741Nust20220815115508.0 a 78021462  a0132145103 : cNust00a621.38153,MAN1 aMano, M. Morris,10aDigital logic and computer design /cM. Morris Mano. aEnglewood Cliffs, N.J. :bPrentice-Hall,cc1979. axii, 612 p. :bill. ;c25 cm. aBinary Systems (Page-1), Boolean Algebra and Logic Gates (Page-34), Simplification of Boolean Functions (Page-72), Combinational Logic (Page-116), Combinational Logic with MSI and LSI (Page-154), Sequential Logic (Page-202), Registers Counters, and the Memory Unit (Page-256), Register Transfer Logic (Page-305), Processor Logic Design (Page-358), Control Logic Design (Page-407), Computer Design (Page-459), Microcomputer System Design (Page-499), Digital Integrated Circuits (Page-556). 0aTelecommunication Engineering.